Komunikasi melalui pengantaraan komputer : kajian penggunaannya mal elektronik di kalangan pegawai dan kakitangan Dewan Bahasa dan Pustaka /

Bibliographic Details
Main Author: Rohana bt Yahaya
Format: Book
Published: Kuala Lumpur: INTAN, 2003.
Kedah: Universiti Utara Malaysia, 2003.
Subjects:
LEADER 00746cam a2200205 7i4500
001 0000011692
005 20151104090000.0
005 ##20151104113000.0
003 ##MY-KlINT
039 # 9 |y 201511041130  |z VLOAD 
090 0 0 |a SSP 02/03  
100 1 # |a Rohana bt Yahaya 
245 1 0 |a Komunikasi melalui pengantaraan komputer :   |b kajian penggunaannya mal elektronik di kalangan pegawai dan kakitangan Dewan Bahasa dan Pustaka /   |c oleh Rohana bt Yahaya. 
260 # # |a Kuala Lumpur:   |b INTAN,   |c 2003. 
260 # # |a Kedah:   |b Universiti Utara Malaysia,   |c 2003. 
300 # # |a 121 m.s. 
500 # # |a Ijazah Sarjana Sains (Pengurusan) 
650 # 0 |a Thesis --   |z Malaysia  
999 |a 0000064927  |b BOOK  |c Dissertation  |e INTAN BK 
999 |a 0000064928  |b BOOK  |c Dissertation  |e INTAN BK